| 000 | 00940nam a22002297a 4500 | ||
|---|---|---|---|
| 005 | 20210325204257.0 | ||
| 008 | s2553 th tha d | ||
| 020 | _a9786169041638 | ||
| 041 | _atha | ||
| 050 | _aHD38.5 อ399ก 2553 | ||
| 100 | 0 | _aอรุณ บริรักษ์ | |
| 245 | 1 | 0 |
_aGlobal logistics โลจิสติกส์ธุรกิจข้ามแดน : _bLogistics Case Study in Thailand 13 |
| 260 | 3 |
_aกรุงเทพฯ _c2553 |
|
| 300 |
_a205 หน้า : _b ภาพประกอบ ; _c 21 ซม. |
||
| 650 | 0 | 4 | _aการวางแผนธุรกิจ |
| 650 | 0 | 4 | _aการบริหารงานโลจิสติกส์ |
| 850 | _aNALT | ||
| 942 | _cGB | ||
| 997 | _a36660 ฉ.1 /36661 ฉ.2 | ||
| 997 | _c000000000060409 | ||
| 998 | _aนางสาวสายฝน ดีงาม | ||
| 999 |
_c60409 _d60409 |
||